00995nam a2200205 a 450000100100000000500170001000800410002702000180006804000250008610000290011124501140014026000610025430000170031550000700033250000340040295201200043695201050055695201110066199900170077200003968520201002033659.0130716s2013 dr 000 0 spa d a9789945491074 aDO-SdBNPbspacBNPHU1 aMarín, Fernando96588210aPara vivir en la verdad :bdoctrina sólida y contundente para defenderse de las sectas /cFernando Marín. aSantiago de los Caballeros :bPalabra Multimedia,c2013. av. ;c23 cm. aIncluye datos biográficos del autor en la solapa de la cubierta aLa biblioteca posee el tomo I 001054708DSaGRbGRcCTd2013-07-16iLF1l0o p39685-30r2020-06-25te. 3w2020-06-25yLFDSZPréstamo en sala 0010718PDaPDbPDcCTd2013-07-16iLF1l0o p39685-10r2020-06-25w2020-06-25yLFPDZNo se presta 0010718PDaPDbPDcCTd2013-07-16iLF1l0o p39685-20r2020-06-25te. 2w2020-06-25yLFPDZNo se presta c39175d39175